000
00311nam a2200121Ia 4500
008
150731s2013 xx 000 0 und d
082
_a
615.538
_b
S 13 P
100
_a
PATIL VAIDYA VASANT
245
_a
SNEHANA THAREPY IN AYURVEDA
260
_b
CHAUKHAMBHA PUB. NEW DELHI
_c
2013
300
_a
200
942
_2
ddc
_c
BK
999
_c
7697
_d
7697